[Photograph of the Library at 12 Great George Street] (Record no. 116750)

MARC details
000 -LEADER
fixed length control field 00579ckm a22002055a 4500
001 - CONTROL NUMBER
control field L141683
008 - FIXED-LENGTH DATA ELEMENTS--GENERAL INFORMATION
fixed length control field 071213q1930 xxk eng u
035 ## - SYSTEM CONTROL NUMBER
System control number (Sirsi) u141683
041 0# - LANGUAGE CODE
Language code of text/sound track or separate title eng
110 2# - MAIN ENTRY--CORPORATE NAME
Corporate name or jurisdiction name as entry element General Photographic Agency
9 (RLIN) 5478
245 01 - TITLE STATEMENT
Title [Photograph of the Library at 12 Great George Street]
260 ## - PUBLICATION, DISTRIBUTION, ETC.
Date of publication, distribution, etc. ca. 1930?
300 ## - PHYSICAL DESCRIPTION
Extent 1 photograph
Other physical details b&w
Dimensions 30 x 25 cm.
340 ## - PHYSICAL MEDIUM
Material base and configuration Photograph
351 ## - ORGANIZATION AND ARRANGEMENT OF MATERIALS
Hierarchical level Single item
500 ## - GENERAL NOTE
General note Photograph is torn at top and right hand edge.
651 4# - SUBJECT ADDED ENTRY--GEOGRAPHIC NAME
Geographic name London
690 ## - LOCAL SUBJECT ADDED ENTRY--TOPICAL TERM (OCLC, RLIN)
Topical term or geographic name as entry element ABOUT RICS-RICS HEADQUARTERS
942 ## - ADDED ENTRY ELEMENTS (KOHA)
Suppress in OPAC 0
Holdings
Withdrawn status Lost status Source of classification or shelving scheme Damaged status Not for loan Home library Current library Shelving location Date acquired Total Checkouts Full call number Barcode Date last seen Copy number Price effective from Koha item type
    Dewey Decimal Classification     Historic collection Historic collection Historic collection 13/12/2007   MAP CABINET DRAWER 2 141683-2001 06/08/2019 1 06/08/2019 Archive